000 00576nam a22001817a 4500
005 20251108170751.0
008 250721s9999 xx 000 0 ara d
082 1 4 _a956/320
100 1 _aخالد، عبد الله
_eنحات
245 1 0 _aالشرق الاوسط و هموم المغتربين من واشنطن إلى الاغوس /
264 1 _aد. :
_bدار جروس،
_c[19-].
300 _a159ص
650 1 7 _aالظروف السياسية
650 1 7 _aالشرق الاوسط
650 1 7 _aالبلدان العربية
942 _2ddc
_cBK
999 _c48508
_d48508